Movies Quiz

Random Movies or Star Trek Quiz

Last Words of Spock Quiz Stats

 Plays Quiz not verified by Sporcle

Score 0/13 Timer 03:00
0 Plays Today
Spock's Last Words % Correct
and
97.8%
and
97.8%
Live
90.4%
I
89.7%
be,
89.7%
long
89.7%
prosper.
89.7%
friend.
89%
always
86.8%
have
86%
shall
83.8%
your
83.1%
been,
81.6%

You're not logged in!

Compare scores with friends on all Sporcle quizzes.
OR
Log In

Sporcle TV

Today on Sporcle TV


Watch our educational content, quiz creation guides, and fun videos on Sporcle TV.

Show Comments

Extras

Top Quizzes Today


Score Distribution

Your Account Isn't Verified!

In order to create a playlist on Sporcle, you need to verify the email address you used during registration. Go to your Sporcle Settings to finish the process.

Report this User

Report this user for behavior that violates our Community Guidelines.

Details: